风转西藏 (Record no. 63925)

000 -LEADER
fixed length control field 00465nam a22001937a 4500
003 - CONTROL NUMBER IDENTIFIER
control field MPLRDC
005 - DATE AND TIME OF LATEST TRANSACTION
control field 20220104190732.0
008 - FIXED-LENGTH DATA ELEMENTS--GENERAL INFORMATION
fixed length control field 210129b ||||| |||| 00| 0 eng d
020 ## - INTERNATIONAL STANDARD BOOK NUMBER
International Standard Book Number 978-988-180596-6
082 ## - DEWEY DECIMAL CLASSIFICATION NUMBER
Classification number 690.6 YHG
100 ## - MAIN ENTRY--PERSONAL NAME
Personal name PAZU 薯伯伯
245 ## - TITLE STATEMENT
Title 风转西藏
Statement of responsibility, etc.
250 ## - EDITION STATEMENT
Edition statement 初版二刷
260 ## - PUBLICATION, DISTRIBUTION, ETC.
Place of publication, distribution, etc. 香港
Name of publisher, distributor, etc. 天窗出版
Date of publication, distribution, etc. 2009
300 ## - PHYSICAL DESCRIPTION
Other physical details
490 ## - SERIES STATEMENT
Series statement TRAVEL: 10
650 ## - SUBJECT ADDED ENTRY--TOPICAL TERM
Topical term or geographic name entry element 中国游记--西藏
942 ## - ADDED ENTRY ELEMENTS (KOHA)
Koha item type Book
-- 690.6 YHG
Holdings
Withdrawn status Lost status Source of classification or shelving scheme Damaged status Not for loan Collection code Home library Current library Shelving location Date acquired Cost, normal purchase price Total Checkouts Full call number Barcode Date last seen Date last checked out Price effective from Koha item type Public note
            Malaysian Public Library, Research and Development Centre Malaysian Public Library, Research and Development Centre   17/08/2011 52.70   690.6 YHG 00058048 18/03/2021 14/06/2015 18/03/2021 Book mplrdc

© 2022. Malaysian Public Library, Research and Development Centre. All Right ReservedE-mailmplrdc@help.edu.my 

Powered by Koha